00327nam a22001097a 4500008004100000082001600041100003800057245004200095260004300137300001000180650002700190200611b ||||| |||| 00| 0 eng d00a621.3bT398 aTheraja, B. L. and Theraja, A. K.10aA textbook of electrical technology / aNew Delhi :bS. Chand Pvt. Ltd.c2010. a300p. 0aElectrical Engineering